Making space for water (Record no. 105768)

MARC details
000 -LEADER
fixed length control field 01779cam a2200217 4500
001 - CONTROL NUMBER
control field ##L134676
008 - FIXED-LENGTH DATA ELEMENTS--GENERAL INFORMATION
fixed length control field 060824n2006 000 0 eng u
035 ## - SYSTEM CONTROL NUMBER
System control number (Sirsi) u134676
041 ## - LANGUAGE CODE
Language code of text/sound track or separate title eng
050 04 - LIBRARY OF CONGRESS CALL NUMBER
Classification number 627.4 $2 18
110 1# - MAIN ENTRY--CORPORATE NAME
Corporate name or jurisdiction name as entry element United Kingdom
Subordinate unit Department for Environment, Food and Rural Affairs
245 00 - TITLE STATEMENT
Title Making space for water
Remainder of title taking forward a new government strategy for flood and coastal erosion risk management in England
260 ## - PUBLICATION, DISTRIBUTION, ETC.
Place of publication, distribution, etc. London
Name of publisher, distributor, etc. DEFRA
Date of publication, distribution, etc. 2006
520 ## - SUMMARY, ETC.
Summary, etc. DEFRA webpage on the new government strategy for flood and coastal erosion risk management. Provides links to "Making space for water: taking forward a new government strategy for flood and coastal erosion risk management in England: first response to the autumn 2004 Making space for water consultation exercise", the original consultation, further background information and progress on the strategy. The first response sets out the aim of the new strategy: to manage the risk from flooding and coastal erosion by employing an integrated portfolio of approaches which reflect both national and local priorities, so as to reduce the threat to people and their property; to deliver the greatest environmental, social and economic benefit consistent with the government's sustainable development principles and to secure efficient and reliable funding mechanisms that deliver the levels of investment required to achieve the vision of this strategy.
590 ## - LOCAL NOTE (RLIN)
Local note IKA050906
650 24 - SUBJECT ADDED ENTRY--TOPICAL TERM
Topical term or geographic name entry element FLOODING
651 #4 - SUBJECT ADDED ENTRY--GEOGRAPHIC NAME
Geographic name England
Chronological subdivision 886-
690 ## - LOCAL SUBJECT ADDED ENTRY--TOPICAL TERM (OCLC, RLIN)
Topical term or geographic name as entry element ENVIRONMENTAL AND LAND CONSULTANCY-WATER RESOURCE MANAGEMENT-FLOODING
856 40 - ELECTRONIC LOCATION AND ACCESS
Uniform Resource Identifier <a href="https://archive.defra.gov.uk/environment/flooding/policy/strategy/index.htm">https://archive.defra.gov.uk/environment/flooding/policy/strategy/index.htm</a>
Public note View the government response free of charge at www.defra.gov.uk...
942 ## - ADDED ENTRY ELEMENTS (KOHA)
Suppress in OPAC 0
Holdings
Withdrawn status Lost status Source of classification or shelving scheme Damaged status Not for loan Home library Current library Shelving location Date acquired Total Checkouts Full call number Barcode Date last seen Copy number Price effective from Koha item type
    Dewey Decimal Classification     Virtual Virtual Online 24/08/2006   ONLINE PUBLICATION 134676-2001 06/08/2019 1 06/08/2019 Book